00601cam a22002291 4500001001300000003000400013005001700017008004100034010001700075035001900092040001800111042001200129050002000141100002000161245004800181250001300229260004400242300001100286440003500297651002200332999001700354sa 66005970 DLC20260227112252.0820918s1965 ii 000 0ceng  asa 66005970  a(OCoLC)8786528 aDLCcMoUdDLC apremarc00aDS434b.K8 19651 aKulkarni, V. B.10aHeroes who made history,cby V.B. Kulkarni. a[2d ed.] aBombay,bBharatiya Vidya Bhavan,c1965. a211 p. 0aBhavan's book university,v130 0aIndiavBiography. c70226d70226